| 000 | 00786nam a22002657a 4500 | ||
|---|---|---|---|
| 001 | 6626 | ||
| 003 | FISKH | ||
| 005 | 20250814142947.0 | ||
| 008 | 250516b cb ||||| |||| 00| 0 eng d | ||
| 020 | _a9781740898010 | ||
| 040 |
_aFISKH _beng _cFISKH _dFISKH |
||
| 050 | _aPZ7 | ||
| 082 | _a621.8 | ||
| 100 | _aRyan, Denise | ||
| 245 |
_aMachines / _cDenise Ryan |
||
| 260 |
_aSydney : _bWeldon Owen, _c2008. |
||
| 300 |
_a24 pages : _bcolor illustrations ; _c23 cm |
||
| 505 | _aJ | ||
| 520 | _aMachines are all around us. The cars on the roads are machines. Even submarines, that travel mile under the water, are machines!. | ||
| 521 | 8 |
_a430
_bLexile estimate |
|
| 521 | 8 |
_aJ
_bRaz-Plus |
|
| 650 |
_aMachines _vFixing |
||
| 942 |
_2ddc _cBK _n0 |
||
| 999 |
_c6626 _d6626 |
||